Four treasures of the sky (Record no. 3491)

MARC details
000 -LEADER
fixed length control field 00367nam a22001457a 4500
008 - FIXED-LENGTH DATA ELEMENTS--GENERAL INFORMATION
fixed length control field 250514b |||||||| |||| 00| 0 eng d
020 ## - INTERNATIONAL STANDARD BOOK NUMBER
ISBN 9781405950169
100 ## - MAIN ENTRY--AUTHOR
Author Zhang, Jenny Tinghui
245 ## - TITLE STATEMENT
Title Four treasures of the sky
260 ## - PUBLICATION, DISTRIBUTION, ETC. (IMPRINT)
Place of publication Dublin
Name of publisher Penguin Book
Date of publication 2022
300 ## - COLLATION
Pagination 409p.
650 ## - TRACINGS
Main Subject Historical Fiction
942 ## - ADDED ENTRY ELEMENTS (KOHA)
Item type Books
050 ## - LIBRARY OF CONGRESS CALL NUMBER
Classification number PS3626.H36
Item number .F68
Holdings
Source of classification or shelving scheme Not for loan Permanent location Current location Date acquired Accession No. Full call number Barcode. Koha item type
Library of Congress Classification   Samuel Ogbemudia Main Library, University of Abuja Samuel Ogbemudia Main Library, University of Abuja 05/14/2025 2024/64381 PS3626.H36.F68 2025-1961 Books